Ekonomika služieb

Gespeichert in:
Bibliographische Detailangaben
1. Verfasser: Rendoš, Ladislav
Format: Buch
Sprache:Slowakisch
Veröffentlicht: Bratislava Slov. ped. nakl. 1984
Tags: Tag hinzufügen
Keine Tags, Fügen Sie das erste Tag hinzu!

MARC

LEADER 00000nam a2200000 4500
001 c113599
005 20041019155156.1
041 0 |a slo 
044 |a SK 
245 1 0 |a Ekonomika služieb  |c Ladislav Rendoš a kol. 
264 1 |a Bratislava  |b Slov. ped. nakl.  |c 1984 
300 |a 390 s. 
100 1 |a Rendoš, Ladislav